| 000 | 01554nam a2200325 a 4500 | ||
|---|---|---|---|
| 001 | 000038006 | ||
| 003 | DO-SdBPM | ||
| 005 | 20250625072030.0 | ||
| 007 | ta | ||
| 008 | 130312s2012 dr 000 e spa d | ||
| 020 | _a9789945489125 | ||
| 040 |
_aDO-SdBPM _bspa _cBPMSU _drda |
||
| 082 | 4 |
_aRD864.44 _bV443j 2012 _222 |
|
| 100 | 1 |
_aVeloz Maggiolo, Marcio, _d1936-2021 _eautor _4aut. |
|
| 245 | 1 | 0 |
_aJuan Bosch : _bapuntes sobre su obra / _cMarcio Veloz Maggiolo. |
| 260 | _c | ||
| 264 |
_aSanto Domingo : _bEditorial Santuario, _c2012 |
||
| 300 |
_a133 páginas . ; _c24 cm. |
||
| 336 |
_atexto _btxt _2rdacontent |
||
| 337 |
_asin mediación _bn _2rdamedia |
||
| 338 |
_avolumen _bnc _2rdacarrier |
||
| 500 | _aIncluye datos biográficos del autor en la solapa de la cubierta | ||
| 505 | _aJuan Bosch: tres obras históricas 13 -- Bolívar y la guerra social 39 -- Bosch y Hostos, el Sembrador 49 -- Simón Bolívar, biografía para escolares 67 -- Juan Vicente Gómez Camino hacia el poder 75 -- Bosch, cien años 81 -- Juan Bosch: inicios de una narrativa 87 -- Bosch; Chile y la canción del Mapocho 103 -- Juan Bosch, Tabucchi y la canción de las cabezas perdidas 107 -- La Mañosa Arqueología de un mundo imaginario 111 -- Matos Moquete y la dominicanidad de Bosch | ||
| 590 | _aInventariado, 2025/VM | ||
| 600 | 1 | 4 |
_a Bosch, Juan, _d1909-2001 _xCrítica e interpretación |
| 650 | 7 | _a Ensayos dominicanos | |
| 650 | 7 |
_aLiteratura dominicana. _x Ensayos, conferencias, etc |
|
| 910 | _aVMateo V. Control de calidad BPMSU | ||
| 942 |
_2ddc _cMP |
||
| 999 |
_c15210 _d15210 |
||